Věrní přátelé

Bibliographic Details
Main Author: Rahir, Renée, 1956- (Author, Illustrator)
Other Authors: Zedníková, Jarmila (Translator), Busquets, Carlos (Illustrator)
Format: Book
Language:Czech
French
PhysicalDescription:64 strán ilustrácie, ilustrované listy 25 cm
Published: Bratislava Slovart Junior 1994
ISBN:8071462543
Subjects:

MARC

LEADER 00000cam a2200000 a 4500
001 vtls001076346
003 SK-MaSNL
005 20260301000706.0
008 240606s1994 xo af b 000 j cze
015 |a SNBA1994/09 
020 |a 8071462543 
035 |a SNK000019179 
035 |a urn:nbn:sk:snk-amlnv6 
035 |a urn:nbn:sk:snk-am00bx82 
035 |a BDE3C4C4-0BDE-4A47-B8EA-63A0F757AE3E 
040 |a SNK  |b slo  |c SNK  |e AACR2 
041 1 |a cze  |h fre 
044 |a xo  |c SK 
072 7 |a 821.133.1-3  |x Francúzska próza, francúzsky písaná  |2 konspekt 
072 7 |a 821-93  |x Literatúra pre deti a mládež (beletria)  |2 konspekt 
080 |a 840 (493)-3(087.5)=850  |2 1981 
100 1 |a Rahir, Renée,  |d 1956-  |4 aut  |4 ill  |9 244497 
245 1 0 |a Věrní přátelé  |c R. Rahir ; Překl. Jarmila Zedníková ; Ilustr. Carlos Busquets 
260 |a Bratislava  |b Slovart Junior  |c 1994 
300 |a 64 strán  |b ilustrácie, ilustrované listy  |c 25 cm 
500 |a Preložené z francúzštiny 
655 7 |a belgické rozprávky (francúzsky)  |2 SNKPH  |9 60981 
655 7 |a literatúra pre deti  |2 SNKPH  |9 87135 
655 7 |a autorské rozprávky  |2 SNKPH  |9 70727 
700 1 |a Zedníková, Jarmila  |4 trl  |9 47867 
700 1 |a Busquets, Carlos  |4 ill  |9 41060 
852 |a Slovenská národná knižnica 
919 |a 80-7146-254-3 
954 |a beletria cudzojazyčná (svetová)  |2 lita 
958 |a LX 
958 |a DB 
958 |a TL 
958 |a UP 
958 |a NS 
958 |a CZ 
968 |a [Čes]  |b FR  |d [Z franc. orig.] 
999 |c 533263  |d 535193 
952 |t P60, <05>, [BOOK], {605}  |a SNK  |b SNK  |y PREZ  |7 0  |p 17A0080759  |o snkSB 52989 D1  |0 0  |1 0  |4 0  |d 1997-07-15  |l 0  |r 2004-12-31 00:00:00  |w 2026-02-23 
952 |a SNK  |b SNK  |y PREZ  |7 0  |p 17A0905725  |o snkSB 52989  |0 0  |1 0  |4 0  |d 2012-07-17  |f 1  |l 0  |r 2025-03-18 00:00:00  |w 2026-02-23